000 00378nam a2200157Ia 4500
008 221030s9999 xx 000 0 und d
020 _a9325982291
041 _aEnglish
100 _aI. M. Pandey
245 0 _aFinancial Management
_cby I. M. Pandey
250 _a11th
260 _bVikas Pub House
_aNew Delhi
_c2015
300 _a921
650 _aManagement
942 _cBK
999 _c14809
_d14809